| 000 | 00509nam a2200157 4500 | ||
|---|---|---|---|
| 003 | OSt | ||
| 005 | 20220415110702.0 | ||
| 008 | 220415b |||||||| |||| 00| 0 eng d | ||
| 020 | _a1860170684 | ||
| 040 | _cHU | ||
| 082 | _a378.1553 CAT 1995 | ||
| 245 | _aThe students' guide to graduate studies 1995/96 : the complete guide to over 11,500 postgraduate opportunities in the UK | ||
| 260 |
_aLondon [England] : , _bHobsons _c1995 |
||
| 300 |
_a1046 pages : illustrations ; _c24 CM _fPC |
||
| 942 |
_2ddc _cBOOKS _n0 |
||
| 999 |
_c34842 _d34842 |
||